Reflexionado sobre la intervención y manejo del orientador en las prácticas tecnológicas para el éxito académico de la generación Z, en el Centro Educativo Profesora Dominicana Altagracia Moquete Suarez, municipio Mella, 2025-2026 / (Record no. 10360)

MARC details
000 -LEADER
campo de control de longitud fija 01533nam a22003257a 4500
001 - NÚMERO DE CONTROL
campo de control 10360
003 - IDENTIFICADOR DE NÚMERO DE CONTROL
campo de control UCATEBA
005 - FECHA Y HORA DE LA ÚLTIMA TRANSACCIÓN
campo de control 20260302091637.0
006 - CÓDIGOS DE INFORMACIÓN DE LONGITUD FIJA--CARACTERÍSTICAS DEL MATERIAL ADICIONAL
campo de control de longitud fija a
007 - CAMPO FIJO DE DESCRIPCIÓN FÍSICA--INFORMACIÓN GENERAL
campo de control de longitud fija a
008 - DATOS DE LONGITUD FIJA--INFORMACIÓN GENERAL
campo de control de longitud fija 260302b |||||||| |||| 00| 0 eng d
040 ## - FUENTE DE CATALOGACIÓN
Centro catalogador/agencia de origen DO-BaUCT
Lengua de catalogación spa
Centro/agencia transcriptor DO-BaUT
Normas de descripción rda
041 0# - CÓDIGO DE IDIOMA
Código de lengua del texto/banda sonora o título independiente spa
Código de lengua original spa
090 0# - LOCALMENTE ASIGNADO TIPO-LC NÚMERO DE CLASIFICACIÓN (OCLC); NÚMERO DE CLASIFICACIÓN LOCAL (RLIN)
Número de clasificación (OCLC) (R) ; Numero de clasificación, CALL (RLIN) (NR) ORI 2025-030
100 1# - ENTRADA PRINCIPAL--NOMBRE DE PERSONA
Nombre de persona Santos Novas, Ramón Miguel de los,
Término indicativo de función/relación autor
245 10 - MENCIÓN DEL TÍTULO
Título Reflexionado sobre la intervención y manejo del orientador en las prácticas tecnológicas para el éxito académico de la generación Z, en el Centro Educativo Profesora Dominicana Altagracia Moquete Suarez, municipio Mella, 2025-2026 /
Mención de responsabilidad, etc. Ramón Miguel de los Santos Novas, Virginia Altagracia Guillén Cuevas, Rikeila Maribel Sena Guzmán ; asesor: Dilcia Féliz.
260 ## - PUBLICACIÓN, DISTRIBUCIÓN, ETC.
Lugar de publicación, distribución, etc. Barahona, República Dominicana :
Nombre del editor, distribuidor, etc. Universidad Católica Tecnológica de Barahona (UCATEBA),
Fecha de publicación, distribución, etc. 2025
300 ## - DESCRIPCIÓN FÍSICA
Extensión xii,127,[61]hojas ;
Dimensiones 28cm
336 ## - TIPO DE CONTENIDO
Fuente rdacontent
Término de tipo de contenido texto
Código de tipo de contenido txt
337 ## - TIPO DE MEDIO
Fuente rdamedia
Nombre/término del tipo de medio sin mediación
Código del tipo de medio n
338 ## - TIPO DE SOPORTE
Fuente rdacarrier
Nombre/término del tipo de soporte volumen
Código del tipo de soporte nc
502 ## - NOTA DE TESIS
Nota de tesis Proyecto de Investigación Acción (Licenciatura en Orientación Escolar) --UCATEBA-- Escuela de Educación, año 2025
650 #4 - PUNTO DE ACCESO ADICIONAL DE MATERIA--TÉRMINO DE MATERIA
Término de materia o nombre geográfico como elemento de entrada Intervención y Manejo del Orientador
650 #4 - PUNTO DE ACCESO ADICIONAL DE MATERIA--TÉRMINO DE MATERIA
Término de materia o nombre geográfico como elemento de entrada Prácticas Técnologías
650 #4 - PUNTO DE ACCESO ADICIONAL DE MATERIA--TÉRMINO DE MATERIA
Término de materia o nombre geográfico como elemento de entrada Éxito Académico
Subdivisión general Generación Z
700 1# - ENTRADA AGREGADA--NOMBRE PERSONAL
Nombre de persona Guillén Cuevas, Virginia Altagracia,
Término indicativo de función/relación autor
700 1# - ENTRADA AGREGADA--NOMBRE PERSONAL
Nombre de persona Sena Guzmán, Rikeila MAribel,
Término indicativo de función/relación autor
700 1# - ENTRADA AGREGADA--NOMBRE PERSONAL
Nombre de persona Féliz, Dilcia,
Término indicativo de función/relación asesor
942 ## - ELEMENTOS DE ENTRADA SECUNDARIOS (KOHA)
Fuente de la clasificación o esquema de estantería Clasificación Decimal Dewey
Tipo de ítem Koha Tesis
Parte de clasificación ORI 2025-030
Prefijo de la signatura ORI
Sufijo de signatura topográfica 2025-030
Suprimir en OPAC No
Holdings
Estatus retirado Estado de pérdida Fuente de la clasificación o esquema de estantería Estado de daño No para préstamo Colección Biblioteca de origen Biblioteca actual Fecha de adquisición Fuente de adquisición Total de préstamos Signatura topográfica completa Código de barras Visto por última vez Fecha del último préstamo Copia número Precio de reemplazo Tipo de ítem Koha
    Clasificación Decimal Dewey     Acervo general de Libros Biblioteca Central Mons. Favio M. Rivas S. Biblioteca Central Mons. Favio M. Rivas S. 02/03/2026 UCATEBA 1 ORI 2025-030 000000013713 31/03/2026 31/03/2026 1 02/03/2026 Tesis